| 000 | 01069cab a22002415a 4500 | ||
|---|---|---|---|
| 001 | L154291 | ||
| 008 | 111109e20111105xxk 000 0 eng d | ||
| 035 | _a(Sirsi) u154291 | ||
| 041 | 0 | _aeng | |
| 100 | 1 | _aDixon, Joanna | |
| 245 | 0 | 0 | _aShow me the money |
| 260 | _c2011 | ||
| 490 |
_aEstates Gazette _v(1144) 5 November 2011, 98-100(3) |
||
| 520 | _aReviews recent cases which have considered alleged breaches of the Tenancy Deposit Scheme (TDS): "Vision Enterprise Ltd (t/a University Estates v Tiensia" [2010] EWCA Civ 1224, "Potts v Densley" [2011] EWCA Civ 604 (E153582) and "Gladehurst Properties Ltd v Hashemi" [2011] EWCA Civ 604 (E153579). The government is considering making amendments to the existing TDS provisions in the Localism Bill. | ||
| 590 | _aKA | ||
| 650 | 2 | 4 | _aVISION ENTERPRISES V TIENSIA |
| 650 | 2 | 4 | _aPOTTS v DENSLEY AND ANOR |
| 650 | 2 | 4 | _aGLADEHURST PROPERTIES v HASHEMI AND ANOR |
| 650 | 2 | 4 | _aLOCALISM BILL |
| 651 | 4 | _aENGLAND AND WALES | |
| 690 | _aPROPERTY-RESIDENTIAL PROPERTY-RESIDENTIAL LANDLORD AND TENANT | ||
| 942 | _n0 | ||
| 999 |
_c83559 _d83559 |
||